| 000 -LEADER |
| fixed length control field |
01453mam a2200409 a 4500 |
| 001 - CONTROL NUMBER |
| control field |
2086936 |
| 003 - CONTROL NUMBER IDENTIFIER |
| control field |
OSt |
| 005 - DATE AND TIME OF LATEST TRANSACTION |
| control field |
20180116192431.0 |
| 008 - FIXED-LENGTH DATA ELEMENTS--GENERAL INFORMATION |
| fixed length control field |
950824s1995 enkae b 000 0 eng d |
| 020 ## - INTERNATIONAL STANDARD BOOK NUMBER |
| International Standard Book Number |
0714829390 : |
| Terms of availability |
$29.95 |
| 020 ## - INTERNATIONAL STANDARD BOOK NUMBER |
| International Standard Book Number |
0714842206 |
| 020 ## - INTERNATIONAL STANDARD BOOK NUMBER |
| International Standard Book Number |
9780714842202 |
| 035 ## - SYSTEM CONTROL NUMBER |
| System control number |
(OCoLC)ocm33034575 |
| 035 ## - SYSTEM CONTROL NUMBER |
| System control number |
(NNC)2086936 |
| 040 ## - CATALOGING SOURCE |
| Original cataloging agency |
DZM |
| Transcribing agency |
DZM |
| Modifying agency |
JQH |
| -- |
NYP |
| -- |
MTH |
| 043 ## - GEOGRAPHIC AREA CODE |
| Geographic area code |
n-us-dc |
| 090 ## - LOCALLY ASSIGNED LC-TYPE CALL NUMBER (OCLC); LOCAL CALL NUMBER (RLIN) |
| Classification number (OCLC) (R) ; Classification number, CALL (RLIN) (NR) |
NA6700.W34 |
| Local cutter number (OCLC) ; Book number/undivided call number, CALL (RLIN) |
D35 1995 |
| 092 ## - LOCALLY ASSIGNED DEWEY CALL NUMBER (OCLC) |
| Classification number |
727.6 |
| Item number |
D232u |
| 100 1# - MAIN ENTRY--PERSONAL NAME |
| Personal name |
Dannatt, Adrian. |
| 9 (RLIN) |
8335 |
| 245 10 - TITLE STATEMENT |
| Title |
United States Holocaust Memorial Museum : |
| Remainder of title |
James Ingo Freed / |
| Statement of responsibility, etc. |
Adrian Dannatt. |
| 260 ## - PUBLICATION, DISTRIBUTION, ETC. |
| Place of publication, distribution, etc. |
London : |
| Name of publisher, distributor, etc. |
Phaidon Press, |
| Date of publication, distribution, etc. |
c1995. |
| 300 ## - PHYSICAL DESCRIPTION |
| Extent |
60 p. : |
| Other physical details |
ill. (some col.), plans ; |
| Dimensions |
30 cm. |
| 490 1# - SERIES STATEMENT |
| Series statement |
Architecture in detail |
| 500 ## - GENERAL NOTE |
| General note |
"Photography: Timothy Hursley."--Flap. |
| 504 ## - BIBLIOGRAPHY, ETC. NOTE |
| Bibliography, etc. note |
Includes bibliographical references (p. 60). |
| 600 10 - SUBJECT ADDED ENTRY--PERSONAL NAME |
| Personal name |
Freed, James Ingo. |
| 9 (RLIN) |
8330 |
| 610 20 - SUBJECT ADDED ENTRY--CORPORATE NAME |
| Corporate name or jurisdiction name as entry element |
United States Holocaust Memorial Museum. |
| 9 (RLIN) |
8331 |
| 650 #0 - SUBJECT ADDED ENTRY--TOPICAL TERM |
| Topical term or geographic name entry element |
Museum architecture |
| Geographic subdivision |
Washington (D.C.) |
| 9 (RLIN) |
8336 |
| 650 #0 - SUBJECT ADDED ENTRY--TOPICAL TERM |
| Topical term or geographic name entry element |
Holocaust memorials |
| Geographic subdivision |
Washington (D.C.) |
| 9 (RLIN) |
8337 |
| 650 #0 - SUBJECT ADDED ENTRY--TOPICAL TERM |
| Topical term or geographic name entry element |
Architecture |
| Geographic subdivision |
Washington (D.C.) |
| General subdivision |
History |
| Chronological subdivision |
20th century. |
| 9 (RLIN) |
8338 |
| 650 #0 - SUBJECT ADDED ENTRY--TOPICAL TERM |
| Topical term or geographic name entry element |
Symbolism in architecture |
| Geographic subdivision |
Washington (D.C.) |
| 9 (RLIN) |
8339 |
| 651 #0 - SUBJECT ADDED ENTRY--GEOGRAPHIC NAME |
| Geographic name |
Washington (D.C.) |
| General subdivision |
Buildings, structures, etc. |
| 9 (RLIN) |
8332 |
| 700 1# - ADDED ENTRY--PERSONAL NAME |
| Personal name |
Hursley, Timothy, |
| Dates associated with a name |
1955- |
| 9 (RLIN) |
8334 |
| 830 #0 - SERIES ADDED ENTRY--UNIFORM TITLE |
| Uniform title |
Architecture in detail (London, England) |
| 9 (RLIN) |
8333 |
| 942 ## - ADDED ENTRY ELEMENTS (KOHA) |
| Source of classification or shelving scheme |
|
| Koha item type |
Book |